5HLuxD.jpg

KING HENRY VIII SENIOR AND PRIMARY SCHOOL LIBRARY OPAC

Cambridge International AS & A level computer science / (Record no. 1691)

000 -LEADER
fixed length control field 01138nam a22001937a 4500
005 - DATE AND TIME OF LATEST TRANSACTION
control field 20230119150325.0
008 - FIXED-LENGTH DATA ELEMENTS--GENERAL INFORMATION
fixed length control field 230119b ||||| |||| 00| 0 eng d
020 ## - INTERNATIONAL STANDARD BOOK NUMBER
International Standard Book Number 9781510457591
040 ## - CATALOGING SOURCE
Transcribing agency KH8
082 ## - DEWEY DECIMAL CLASSIFICATION NUMBER
Classification number 004 WAT
100 ## - MAIN ENTRY--PERSONAL NAME
Personal name Watson, David
Relator term author
245 ## - TITLE STATEMENT
Title Cambridge International AS & A level computer science /
Statement of responsibility, etc. David Watson, Helen Williams.
260 ## - PUBLICATION, DISTRIBUTION, ETC.
Place of publication, distribution, etc. London:
Name of publisher, distributor, etc. Hodder Education Group,
Date of publication, distribution, etc. 2019.
300 ## - PHYSICAL DESCRIPTION
Extent 560 p. ;
Other physical details ill. :
Dimensions 28 cm.
520 ## - SUMMARY, ETC.
Summary, etc. This title is endorsed by Cambridge Assessment International Education to support the full syllabus for examination from 2021. Develop computational thinking and ensure full coverage of the revised Cambridge Assessment International Education AS & A Level Computer Science syllabus (9618) with this comprehensive Student's Book written by experienced authors and examiners. - Improve understanding with clear explanations, examples, illustrations and diagrams, plus a glossary of key terms - Reinforce learning with a range of activities, exercises, and exam-style questions.
650 ## - SUBJECT ADDED ENTRY--TOPICAL TERM
Topical term or geographic name entry element Computer science
700 ## - ADDED ENTRY--PERSONAL NAME
Personal name Williams, Helen
Relator term author
942 ## - ADDED ENTRY ELEMENTS (KOHA)
Source of classification or shelving scheme
Koha item type Teaching Resources
Holdings
Withdrawn status Lost status Source of classification or shelving scheme Damaged status Not for loan Collection code Permanent Location Current Location Shelving location Date acquired Total Checkouts Full call number Barcode Date due Date last seen Date last checked out Copy number Price effective from Koha item type
          Teaching Resources KH8 Senior School Library KH8 Senior School Library Staff Office 2023-01-19 5 004 WAT TRKHSL000265 2026-07-03 2025-08-27 2025-08-27 1 2023-01-19 Teaching Resources
          Teaching Resources KH8 Senior School Library KH8 Senior School Library Staff Office 2023-01-19 1 004 WAT TRKHSL000266   2023-07-06 2023-01-19 2 2023-01-19 Teaching Resources
          Teaching Resources KH8 Senior School Library KH8 Senior School Library Staff Office 2023-01-19 4 004 WAT TRKHSL000267   2025-09-02 2025-08-27 3 2023-01-19 Teaching Resources
          Teaching Resources KH8 Senior School Library KH8 Senior School Library Staff Office 2023-01-19 2 004 WAT TRKHSL000268 2026-07-03 2026-01-26 2026-01-26 4 2023-01-19 Teaching Resources
          Teaching Resources KH8 Senior School Library KH8 Senior School Library Staff Office 2023-03-03 1 004 WAT TRKHSL000395   2023-07-06 2023-03-13 5 2023-03-03 Teaching Resources
          Teaching Resources KH8 Senior School Library KH8 Senior School Library Staff Office 2023-03-03 2 004 WAT TRKHSL000396 2026-07-03 2026-01-26 2026-01-26 6 2023-03-03 Teaching Resources
          Teaching Resources KH8 Senior School Library KH8 Senior School Library Staff Office 2023-03-03 3 004 WAT TRKHSL000397 2025-07-04 2024-09-04 2024-09-04 7 2023-03-03 Teaching Resources
          Teaching Resources KH8 Senior School Library KH8 Senior School Library Staff Office 2023-03-03 1 004 WAT TRKHSL000398   2024-06-10 2023-03-13 8 2023-03-03 Teaching Resources
          Teaching Resources KH8 Senior School Library KH8 Senior School Library Staff Office 2023-03-03 1 004 WAT TRKHSL000399   2024-07-05 2023-03-13 9 2023-03-03 Teaching Resources
          Teaching Resources KH8 Senior School Library KH8 Senior School Library Staff Office 2023-03-03 1 004 WAT TRKHSL000400   2023-07-06 2023-03-13 10 2023-03-03 Teaching Resources

Powered By KH8 IT Dept